logo

Bir Sreshtho Munshi Abdur Rouf Library
Jhenaidah Cadet College

The diamond book : (Record no. 5142)

MARC details
000 -LEADER
fixed length control field 00805cam a2200277 a 4500
001 - CONTROL NUMBER
JCCL Control Number 5142
003 - CONTROL NUMBER IDENTIFIER
JCCL marc code BD-JhCC
005 - DATE AND TIME OF LATEST TRANSACTION
control field 20171209173904.0
008 - FIXED-LENGTH DATA ELEMENTS--GENERAL INFORMATION
fixed length control field 810623s1980 ilua 001 0 eng
020 ## - INTERNATIONAL STANDARD BOOK NUMBER
Cancelled/invalid ISBN 0870942234
035 ## - SYSTEM CONTROL NUMBER
system control number (BD-JhCC)
035 ## - SYSTEM CONTROL NUMBER
system control number 69555
040 ## - CATALOGING SOURCE
Original cataloging agency LC
Transcribing agency LC
Modifying agency LC
041 ## - LANGUAGE CODE
Language code of Book eng
050 00 - LIBRARY OF CONGRESS CALL NUMBER
Classification number HD9677.A2
Item number F73
082 04 - DEWEY DECIMAL CLASSIFICATION NUMBER
Classification number 332.63
DDC Edition number 19
Author mark and Year FRE 1980
100 1# - MAIN ENTRY--PERSONAL NAME
Personal name Freedman, Michael,
Dates associated with a name 1942-
245 14 - TITLE STATEMENT
Title The diamond book :
Remainder of title a practical guide for successful investing /
Statement of responsibility, etc by Michael Freedman ; edited with Steven Beckner.
260 ## - PUBLICATION, DISTRIBUTION, ETC. (IMPRINT)
Place of publication, distribution, etc Homewood, Ill. :
Name of publisher, distributor, etc Dow Jones-Irwin,
Date of publication, distribution, etc c1980.
300 ## - PHYSICAL DESCRIPTION
Pagination xiii, 160 p. :
Other physical details ill. ;
Dimensions 24 cm.
500 ## - GENERAL NOTE
General note Includes index.
650 #0 - SUBJECT ADDED ENTRY--TOPICAL TERM
Topical term or geographic name as entry element Diamonds as an investment.
700 1# - ADDED ENTRY--PERSONAL NAME
Personal name Beckner, Steven N.
942 ## - ADDED ENTRY ELEMENTS (KOHA)
Source of classification or shelving scheme Dewey Decimal Classification
Koha item type Books
Holdings
Source of classification or shelving scheme Damaged status Not for loan Home library Current library Shelving location Date of accession Total Checkouts Full call number Barcode Date last seen Copy number Koha item type
Dewey Decimal Classification     JCC Rouf Library JCC Rouf Library General Stacks 12/09/2017   332.63 FRE 1980 7144 12/09/2017 c-1 Books

JCC Library | Contacts | JCC Home

Last Update on 23 September 2017
Copyright @ 2017-2020 JCC Rouf Library
Rouf Library, Jhenidah Cadet College (JCC), Bangladesh